| 000 | 00441nam a2200181Ia 4500 | ||
|---|---|---|---|
| 005 | 20250603145422.0 | ||
| 008 | 250603s9999 xx 000 0 und d | ||
| 020 | _a0619185945 | ||
| 050 | _aHF 5548.4 .M525 N49/ | ||
| 100 | _aParsons, June Jamrich. | ||
| 245 | 0 | _aNew perspectives on Microsoft Office XP | |
| 250 | _aXP ed. | ||
| 260 | _aBoston | ||
| 260 | _bCourse Technology | ||
| 260 | _cc2003. | ||
| 650 | _aBoston | ||
| 942 | _cBK | ||
| 999 |
_c41803 _d41803 |
||